000 00342nam a22001217a 4500
020 _aNA
082 _222
_a808.042
100 _aMaimon, Elaine p and Peritz, Janica H.
245 _aA writers resource a handbook for writing and research /
260 _aMc graw hill,
_bMc graw hill,
_cc2003
300 _aXV,532 p, ;
_bNA
_c24cm.
942 _2ddc
_cF
999 _c3521
_d3521